| 000 | 00471nam a2200133Ia 4500 | ||
|---|---|---|---|
| 008 | 200619s9999 xx 000 0 und d | ||
| 020 | _a978-0-86612-336-5 | ||
| 100 | _aNitschke, Aleta A. | ||
| 245 |
_cAleta A. Nitschke, William D. Frye.-- _aManaging housekeeping operations / |
||
| 260 |
_aLansing, Mich. : _bAmerican Hotel & Lodging Educational Institute _c2008 |
||
| 300 | _axiii, 602 pages | ||
| 500 | _aIncludes index. | ||
| 650 | _a Hotel housekeeping -- Management. | ||
| 999 |
_c363758 _d363758 |
||